Sovietsky zväz kráča do budúcnosti Bývalý partner na večné časy ako zaujímavá investičná destinácia

Prehľad vybraných ekonomických ukazovateľov krajín SNŠ. Rast HDP. Index ochrany investora v štátoch SNŠ. Vývoj devízových rezerv a bilancia bežného účtu platobnej bilancie. Odlišnosti investorského prostredia NSŠ.

Salvato in:
Dettagli Bibliografici
Autore principale: Baláž, Vladimír
Natura: Capitolo di libro
Lingua:slovacco
Soggetti:
Tags: Aggiungi Tag
Nessun Tag, puoi essere il primo ad aggiungerne!!

MARC

LEADER 00000naa$a2200000$$$4500
001 0039734
005 20231019083935.9
041 0 |a slo 
044 |a SK 
245 1 0 |a Sovietsky zväz kráča do budúcnosti  |b Bývalý partner na večné časy ako zaujímavá investičná destinácia  |c Vladimír Baláž 
520 |a Prehľad vybraných ekonomických ukazovateľov krajín SNŠ. Rast HDP. Index ochrany investora v štátoch SNŠ. Vývoj devízových rezerv a bilancia bežného účtu platobnej bilancie. Odlišnosti investorského prostredia NSŠ. 
610 2 0 |a investori 
610 2 0 |a investovanie 
610 2 0 |a Spoločenstvo nezávislých štátov 
610 2 0 |a história 
610 2 0 |a reformy hospodárske 
610 2 0 |a politika investičná 
610 2 0 |a ukazovatele ekonomické 
610 2 0 |a riziko finančné 
610 2 0 |a riziko podnikateľské 
610 2 0 |a bilancia platobná 
100 1 |a Baláž, Vladimír